LEADER 01427nam 2200397Ia 450 001 996387269503316 005 20200824132512.0 035 $a(CKB)1000000000630831 035 $a(EEBO)2240900048 035 $a(OCoLC)ocm13941795e 035 $a(OCoLC)13941795 035 $a(EXLCZ)991000000000630831 100 $a19860725d1685 uy | 101 0 $aeng 135 $aurbn||||a|bb| 200 10$aSwallow$b[electronic resource] $ea new almanack for the year of our Lord God 1685 : being the first after the bissextile or leap-year, and from the worlds creation 5688 : calculated properly for the famous university and town of Cambridge ... and may serve indifferently for any other place of this kingdom 210 $aCambridge [Cambridgeshire] $cPrinted by John Hayes ...$d1685 215 $a[40] p. $cill 300 $aSecond part has special t.p. 300 $aImperfect: pages stained and tightly bound with slight loss of print. 300 $aReproduction of original in the Bodleian Library. 330 $aeebo-0014 606 $aAlmanacs, English 606 $aEphemerides 606 $aAstrology$vEarly works to 1800 615 0$aAlmanacs, English. 615 0$aEphemerides. 615 0$aAstrology 700 $aSwallow$b John$0498157 801 0$bEAF 801 1$bEAF 801 2$bWaOLN 906 $aBOOK 912 $a996387269503316 996 $aSwallow$91772434 997 $aUNISA LEADER 01021nam0 22002411i 450 001 UON00055325 005 20231205102244.245 100 $a20020107d1978 |0itac50 ba 101 $aeng 102 $aID 105 $a|||| 1|||| 200 1 $aAddress by the Presidentof the Republic of Indonesia$eMandatary of People's Consulktive Assembly. Delivered atthe General Session of the People's Consultive Assembly on March 11, 1978$fSoeharto 210 $a[Jakarta]$c[s. n.]$d1978 215 $a91 p.$d21 cm 620 $aID$dJakarta$3UONL000164 686 $aINDS V$cINDONESIA - POLITOLOGIA$2A 700 0$aSOEHARTO$3UONV035142$0652890 801 $aIT$bSOL$c20240220$gRICA 899 $aSIBA - SISTEMA BIBLIOTECARIO DI ATENEO$2UONSI 912 $aUON00055325 950 $aSIBA - SISTEMA BIBLIOTECARIO DI ATENEO$dSI INDS V 004 MISC $eSI SA 9093 5 004 MISC 996 $aAddress by the Presidentof the Republic of Indonesia$91148404 997 $aUNIOR